| 000 | 02280nam a22003497a 4500 | ||
|---|---|---|---|
| 001 | 100882 | ||
| 003 | KnowledgeUnlatched | ||
| 005 | 20210303105213.0 | ||
| 006 | m o d | ||
| 007 | cr u|||||||||| | ||
| 008 | 210129p20072019enk o u00| u eng d | ||
| 037 | _5BiblioBoard | ||
| 245 | 0 | 0 |
_aNomads, Empires, States _bModes of Foreign Relations and Political Economy, Volume I / _cKees van der Pijl. |
| 020 | _a9781849643412 | ||
| 029 | 1 | _ahttps://library.biblioboard.com/ext/api/media/5f466b31-0b1e-44df-afed-b0e108f825c7/assets/thumbnail.jpg | |
| 040 |
_aScCtBLL _cScCtBLL |
||
| 100 | 1 |
_avan der Pijl, Kees _eauthor. |
|
| 264 | 1 | _bPluto Press, | |
| 300 | _a1 online resource (254 p.) | ||
| 506 | 0 |
_aAccess copy available to the general public. _fUnrestricted _2star |
|
| 520 | _aThis book breaks new ground in the way we think about international relations theory. Kees van der Pijl argues that by making the "nation-state" the focus of international relations, the discipline has become Euro-centric and a-historical. Theories of imperialism and historic civilisations, and their relation to world order, have been discarded. With more than half the world's population living in cities, with unprecedented levels of migration, global politics is present on every street corner. The "international" is no longer only a balance of power among states, but includes tribal relations making a comeback in various ways. Outlining a new approach to IR theory, the book makes a case for a re-reading of world history in terms of foreign relations, and shows what it reveals about both our past and our future. | ||
| 588 | 0 | _aDescription based on print version record. | |
| 590 | _aKU Select 2017: Backlist Collection | ||
| 650 | 7 |
_aPolitical Science / International Relations _2bisacsh |
|
| 650 | 0 | _aPolitical science | |
| 655 | 0 | _aElectronic books. | |
| 758 |
_iIs found in: _aKnowledge Unlatched _1https://openresearchlibrary.org/module/2774bc74-146a-484f-a7ba-ab1d6a09bbfb |
||
| 856 | 4 | 0 |
_uhttps://openresearchlibrary.org/content/5f466b31-0b1e-44df-afed-b0e108f825c7 _zView this content on Open Research Library. _70 |
| 999 |
_c33893 _d33893 |
||